| 000 | 006280000a22001930004500 | ||
|---|---|---|---|
| 090 |
_aAR _b01159 |
||
| 245 | 1 | 0 | _aColombian mammals from the Chocoan slopes of Nariño |
| 650 | 1 | 4 |
_aChocó biogeográfico _994105 |
| 650 | 1 | 4 |
_aMamíferos _992510 |
| 650 | 1 | 4 |
_aInventarios de fauna _993976 |
| 650 | 1 | 4 |
_aTaxonomía animal _98245 |
| 651 | 4 |
_dNariño _pColombia _992749 |
|
| 041 | 0 | _aInglés | |
| 700 | 1 |
_aAnderson, Robert P. _994185 |
|
| 700 | 1 |
_aRivas Pava, María del Pilar _954623 |
|
| 100 | 1 |
_aCadena G., Alberto _96445 |
|
| 942 | _cARTICULO | ||
| 773 | 1 |
_tOccasional Papers: Museum of Texas Tech University _3430 _h180 _q1-15 _d1998 |
|
| 999 |
_c10245 _d10245 |
||